LEADER 01098nam a2200241 i 4500 001 000000138944 003 CaOOAMICUS 005 20241129092442.0 008 050513s1966 it u000 u ita u 040 $aSeMil$bita 100 1 $aSpinoza, Benedictus : de ,$d<1632-1677>.$0(OLS)http://semarc/name/5025 240 10$aTractatus de intellectus emendatione.$0(OLS)http://semarc/title/451538 245 12$aL'emendazione dell'intelletto /$cSpinoza ; traduzione, introduzione e commento di Marco Bertè. 264 1$aPadova :$bLiviana,$c1966. 300 $aVII, 175 p. ;$c22 cm. 650 4$aSpinoza, Benedetto <1632-1677> . Tractatus de intellectus emendatione.$0(OLS)http://semarc/subject/27294 700 1 $aBertè, Marco.$0(OLS)http://semarc/name/56189 850 $aSeMil 852 $aSeMil$W1$xVenegono$y1$m519 1 4 *$j92383$B92383$CSeMilBibl$Z2$F97956 $81 961 $aLascito: Corradi mons. Enrico 996 $6245$aL'emendazione dell'intelletto$9(OLS)http://semarc/title/203047 996 $6264$aPadova :$bLiviana$9(OLS)http://semarc/publisher/30718 LEADER 01163nam a2200229 i 4500 001 000000036821 003 CaOOAMICUS 005 20150813000000.0 008 150813s1845 it u000 u ita u 013 $a6680 040 $aSeMil$bita 245 10$aOrazione funebre recitata dal canonico arciprete Pietro Lanfranchi nelle solenni esequie di monsignor Luigi Tosi vescovo della città e diocesi di Pavia il giorno 18 dicembre 1845. 260 $aPavia :$bFusi,$c1845. 300 $a60 p. ;$c25 cm. 650 4$aTosi, Luigi - Necrologie.$0(OLS)http://semarc/subject/7206 700 1 $aTosi, Luigi .$0(OLS)http://semarc/name/17455 700 1 $aLanfranchi, Pietro,$d.$0(OLS)http://semarc/name/17454 850 $aSeMil 852 $aSeMil$W1$xVenegono$y1$m3F V 145 FA$j2976$B2976$CSeMilBibl$Z2$F2976 $8I 961 $aOmaggio: Donazione 996 $6245$aOrazione funebre recitata dal canonico arciprete Pietro Lanfranchi nelle solenni esequie di monsignor Luigi Tosi vescovo della città e diocesi di Pavia il giorno 18 dicembre 1845$9(OLS)http://semarc/title/51221 996 $6260$aPavia :$bFusi$9(OLS)http://semarc/publisher/39851